Monetary theory : (Record no. 126891)

MARC details
000 -LEADER
fixed length control field 00749nam a22002417a 4500
005 - DATE AND TIME OF LATEST TRANSACTION
control field 20170124110016.0
010 ## - LIBRARY OF CONGRESS CONTROL NUMBER
LC control number 882374
020 ## - INTERNATIONAL STANDARD BOOK NUMBER
Terms of availability 24.00
International Standard Book Number 0706902823
035 ## - SYSTEM CONTROL NUMBER
System control number 882374
037 ## - SOURCE OF ACQUISITION
Source of stock number/acquisition Cen Lib/Ret
040 ## - CATALOGING SOURCE
Original cataloging agency DPL
Language of cataloging EN
082 ## - DEWEY DECIMAL CLASSIFICATION NUMBER
Classification number 332.401
Item number VAI
100 ## - MAIN ENTRY--PERSONAL NAME
Personal name Vaish, M. C.
9 (RLIN) 13723
245 ## - TITLE STATEMENT
Title Monetary theory :
Statement of responsibility, etc by M.C.Vaish
Remainder of title with Indian currency and banking /
250 ## - EDITION STATEMENT
Edition statement 7th rev. ed.
260 ## - PUBLICATION, DISTRIBUTION, ETC. (IMPRINT)
Place of publication, distribution, etc New Delhi
Name of publisher, distributor, etc Vikas Publishing House
Date of publication, distribution, etc 1973
270 ## - ADDRESS
Address 5, Ansari Road
City New Delhi
Postal code 110002
300 ## - PHYSICAL DESCRIPTION
Extent xii,715p.
Dimensions 22cm(Hb)
500 ## - GENERAL NOTE
General note Includes bibliographical reference
650 ## - SUBJECT ADDED ENTRY--TOPICAL TERM
Topical term or geographic name as entry element Monetary policy -- India
9 (RLIN) 17494
650 ## - SUBJECT ADDED ENTRY--TOPICAL TERM
Topical term or geographic name as entry element Banks and banking -- India
9 (RLIN) 17406
942 ## - ADDED ENTRY ELEMENTS (KOHA)
Source of classification or shelving scheme Dewey Decimal Classification
Koha item type English Books
Classification part 332.401
Call number suffix VAI
Holdings
Withdrawn status Lost status Damaged status Not for loan Home library Current library Date acquired Source of acquisition Cost, normal purchase price Total Checkouts Full call number Barcode Date last seen Copy number Cost, replacement price Price effective from Koha item type Public note Source of classification or shelving scheme
Written off       Central Library Central Library 26/06/2015 Cen Lib/Ret 24.00   332.401 VAI 882374 26/06/2015 1 24.00 26/06/2015 English Books Written off on approval by DLB (By Circulation); dtd 15-06-2023  
        Central Library Central Library 03/11/2016 Cen Lib/Ret     332.401 VAI 907776 03/11/2016 2 24.00 03/11/2016 English Books   Dewey Decimal Classification

© Delhi Public Library
Hit Counter
free hit counter